000 00246nmm a2200085Ia 4500
008 220120s9999||||xx |||||||||||||||||und||
100 _aLinux, October
_911028
245 0 _aDistro Pardus Linux, open Gue 8.04, Desktop ed. 3.1, Linux m
260 _c2008
999 _c139166
_d139166